| 000 | 00401nam a2200145Ia 4500 | ||
|---|---|---|---|
| 041 | _aArabic | ||
| 082 | _a346,07 cut-26 ض | ||
| 100 | _a20260118u\\\\\\\\\\\y0engy0103\\\\ba | ||
| 100 | _aد.اشرف الضبع | ||
| 245 | 0 | _aتسوية عمليات البورصة | |
| 250 | _aط1 | ||
| 260 |
_bدار النهضة العربية _aالقاهرة - مصر _c2007 |
||
| 300 | _a524 | ||
| 942 | _cBk | ||
| 999 |
_c189067 _d189067 |
||